Eric Weil: e a compreensao do nosso tempo. Etica, política, filosofia

محفوظ في:
التفاصيل البيبلوغرافية
المؤلف الرئيسي: Perine, Marcelo (مؤلف)
التنسيق: كتاب
اللغة:البرتغالية
منشور في: Sao Paulo Edicoes Loyola 2004
الموضوعات:
الوسوم: إضافة وسم
لا توجد وسوم, كن أول من يضع وسما على هذه التسجيلة!

MARC

LEADER 00000cam a2200000 a 4500
001 UCF2965
003 CL-VaPUC
008 120914e20040000BL |||||||||||||||||por|d
020 |a 8515029049 
082 0 4 |a 194  |b PER  |2 21 
100 0 |a Perine, Marcelo  |e author  |9 564844 
245 1 0 |a Eric Weil: e a compreensao do nosso tempo. Etica, política, filosofia 
300 |a 289 p 
942 |c BK 
945 |d 20120914 00:00:00  |a dcastane 
260 |a Sao Paulo  |b Edicoes Loyola  |c 2004 
650 0 |a Filosofía francesa   |9 255698 
650 0 |a Filósofos franceses  |9 314621 
583 |a last modification  |c 20120914 00:13:00  |k Rodrigo Vera 
999 |c 349503  |d 349501 
952 |0 0  |1 0  |4 0  |6 194_000000000000000_PER_2004  |7 0  |8 A  |9 452131  |a BIBEDU  |b BIBEDU  |d 2019-11-22  |i 4902599  |o 194 PER 2004  |p 4902599  |r 2019-11-22  |w 2019-11-22  |y BK  |k FIL